000 00230nam a22000977a 4500
008 170124b xxu||||| |||| 00| 0 alb d
041 _aalb
080 _a618.2
245 _aMANUAL I MJEKESISE EMERGJENTE
_cBAJRAMI, I
942 _2udc
_cBK
999 _c3532
_d3532